000 00947cam a2200301 4500
001 2222
003 BD-RjUL
005 20211208233515.0
008 131210r19731971enk b 001 0 eng d
020 _a052108086X
035 _a(BD-RjUL)2249
040 _aDLC
_cDLC
_dDLC
_dBD-RjUL
_beng
041 _aeng
082 0 0 _a301.62
_bOLA 1973
100 1 _aOllman, Bertell.
_97244
245 1 0 _aAlienation: Marx's conception of man in capitalist society /
_cby Bertell Ollman
260 _aCambridge [Eng.] :
_bUniversity Press,
_c1971 [reprinted 1973].
300 _axvi, 325 p. ;
_c23 cm.
490 0 _aCambridge studies in the history and theory of politics
504 _aIncludes index.
504 _aBibliography: p. 310-313.
600 1 0 _aMarx, Karl,
_d1818-1883.
_9116694
650 0 _aAlienation (Social psychology)
_97245
650 0 _aCommunism and society.
_93178
942 _2ddc
_cBK
999 _c2222
_d2222